000 00527nam a2200193 a 4500
001 1769488318014
003 YourLibrary
005 20260128114520.0
008 260127s2003##################000#0#eng##
020 _a9780415937818
082 0 4 _a304.2097022
_bMIL
100 1 _aMiller, Char,
_eauthor.
245 1 0 _aThe Atlas of U.S. and Canadian Environmental History :
260 _bNew York : Routledge,
_c2003.
300 _a248 pages
650 0 _aNature.
942 _cENGLISH
040 _aYourLibrary
_beng
_cYourLibrary
999 _c609282
_d609282